Central Library OPAC University of Rajshahi

The sociology of developing societies / (Record no. 2117)

MARC details
000 -LEADER
fixed length control field 00914cam a2200301 a 4500
001 - CONTROL NUMBER
control field 2117
003 - CONTROL NUMBER IDENTIFIER
rucl marc code BD-RjUL
005 - DATE AND TIME OF LATEST TRANSACTION
control field 20211208233503.0
008 - FIXED-LENGTH DATA ELEMENTS--GENERAL INFORMATION
fixed length control field 131210r19851978enk b 001 0 eng
020 ## - INTERNATIONAL STANDARD BOOK NUMBER
International Standard Book Number 0333253191 :
035 ## - SYSTEM CONTROL NUMBER
System control number (BD-RjUL)2144
040 ## - CATALOGING SOURCE
Original cataloging agency DLC
Transcribing agency DLC
Modifying agency DLC
-- (BD-RjUL
Language of cataloging eng
041 ## - LANGUAGE CODE
Language code of text/sound track or separate title eng
082 00 - DEWEY DECIMAL CLASSIFICATION NUMBER
Classification number 309.23091724
Author mark and year HOS
100 1# - MAIN ENTRY--PERSONAL NAME
Personal name Hoogvelt, Ankie M. M.
9 (RLIN) 6934
245 14 - TITLE STATEMENT
Title The sociology of developing societies /
Statement of responsibility, etc. Ankie M. M. Hoogvelt.
250 ## - EDITION STATEMENT
Edition statement 2nd ed.
260 ## - PUBLICATION, DISTRIBUTION, ETC. (IMPRINT)
Place of publication, distribution, etc. London :
Name of publisher, distributor, etc. Macmillan,
Date of publication, distribution, etc. c1978. [Reprent 1985]
300 ## - PHYSICAL DESCRIPTION
Pagination 209 p. ;
Size 22 cm.
504 ## - BIBLIOGRAPHY, ETC. NOTE
Bibliography, etc Includes bibliographical references and indexes.
650 #0 - SUBJECT ADDED ENTRY--TOPICAL TERM
Topical term or geographic name as entry element Social evolution.
9 (RLIN) 6935
Topical term or geographic name as entry element Economic development.
9 (RLIN) 6936
Topical term or geographic name as entry element Diffusion of innovations.
9 (RLIN) 6937
651 #0 - SUBJECT ADDED ENTRY--GEOGRAPHIC NAME
Geographic name Developing countries
General subdivision Social conditions.
9 (RLIN) 6938
942 ## - ADDED ENTRY ELEMENTS (KOHA)
Source of classification or shelving scheme Dewey Decimal Classification
Koha item type Books
Holdings
Lost status Source of classification or shelving scheme Damaged status Not for loan Collection code Permanent Location Current Location Shelving location Date acquired Source of acquisition Cost, normal purchase price Total Checkouts Full call number Date last seen Copy number Koha item type
  Dewey Decimal Classification   Not For Loan Non-fiction Central Library, University of Rajshahi Central Library, University of Rajshahi Reading Room 19/07/1988 Mania Bro 6.95   309.23091724 HOS 1985 10/12/2013 C-1 Books
  Dewey Decimal Classification     Non-fiction Central Library, University of Rajshahi Central Library, University of Rajshahi   12/07/1988 Manik Bro. 6.25   309.23091724 HOS 07/05/2014 C-2 Books
  Dewey Decimal Classification     Non-fiction Central Library, University of Rajshahi Central Library, University of Rajshahi   12/07/1988 Manik Bro. 6.25   309.23091724 HOS 07/05/2014 C-3 Books
  Dewey Decimal Classification     Non-fiction Central Library, University of Rajshahi Central Library, University of Rajshahi   19/07/1988 Manik Bro. 6.95   309.23091724 HOS 1985 07/05/2014 C-7 Books
  Dewey Decimal Classification     Non-fiction Central Library, University of Rajshahi Central Library, University of Rajshahi   12/07/1988 Mirza Book Agency 6.95   309.23091724 HOS 1985 15/05/2014 C-4 Books
  Dewey Decimal Classification     Non-fiction Central Library, University of Rajshahi Central Library, University of Rajshahi   12/07/1988 Mirza Book Agency 6.95   309.23091724 HOS 1985 15/05/2014 C-5 Books
  Dewey Decimal Classification     Non-fiction Central Library, University of Rajshahi Central Library, University of Rajshahi   02/04/1996 Malapara, Rajshahi 107.00   309.23091724 HOS 14/05/2015 C-9 Books